Current advances in mechanical design and production : proceedings of the 1st international conference, Cairo University, Egypt, 27-29 December 1979 /

Bibliographic Details
Other Authors: Shawqī, Jalāl Shawqī Aḥmad, Metwalli, S. M.
Format: Book
Language:English
Published: Oxford ; New York : Pergamon Press, 1981.
Edition:1st ed.
Subjects:

MARC

Tag First Indicator Second Indicator Subfields
LEADER 00000cam a2200000 a 4500
001 in00000084151
005 20151008055704.0
008 811209s1981 enka b 10100 eng
010 |a  80041666  
015 |a GB*** 
020 |a 0080272940 
020 |a 0080273068 (pbk.) 
035 |a (OCoLC)07388046 
035 |9 AAJ4121AM 
039 0 |a 2  |b 3  |c 3  |d 3  |e 3 
040 |a DLC  |c DLC  |d TXA  |d UtOrBLW 
049 |a TXAM  |c [387783] 
050 0 0 |a TJ230  |b .C94 1981 
082 0 |a 621  |2 19 
245 0 0 |a Current advances in mechanical design and production :  |b proceedings of the 1st international conference, Cairo University, Egypt, 27-29 December 1979 /  |c edited by G.S.A. Shawki and co-edited by S.M. Metwalli. 
250 |a 1st ed. 
264 1 |a Oxford ;  |a New York :  |b Pergamon Press,  |c 1981. 
300 |a x, 496 pages :  |b illustrations ;  |c 26 cm. 
336 |a text  |b txt  |2 rdacontent 
337 |a unmediated  |b n  |2 rdamedia 
338 |a volume  |b nc  |2 rdacarrier 
504 |a Includes bibliographies and indexes. 
650 0 |a Machine design  |x Congresses. 
650 0 |a Materials  |v Congresses. 
650 0 |a Production engineering  |v Congresses. 
700 1 |a Shawqī, Jalāl Shawqī Aḥmad. 
700 1 |a Metwalli, S. M. 
999 |a MARS 
999 f f |s 317f9b55-2960-31bf-8f3c-803bed750aec  |i d6b6e83c-1141-33c1-88e7-2b0d8130ddb0  |t 0 
952 f f |p ric  |a Texas A&M University  |b Rellis Campus  |c Joint Library Facility  |d Remote Storage  |t 0  |e TJ230 .C94 1981  |h Library of Congress classification  |i unmediated -- volume  |m A14806249227 
998 f f |a TJ230 .C94 1981  |t 0  |l Remote Storage